000 01069nam0a22002651 4500
001 rc\3299158
005 20250609174341.0
021 _aRU
_bРг8662-69
021 _aRU
_b69-2808
035 _a(NLR Aleph) 007407913
090 _a6783869
_c6783869
100 _a20130115d1969 |||y0rusy50 ca
101 0 _arus
102 _aRU
105 _aa z |||||
200 1 _aРасчет монолитных конструкций в упругой и упруго-пластической среде (мягкий грунт)
_eУчеб. пособие
_fМПС СССР. Моск. ордена Ленина и ордена Трудового Красного Знамени ин-т инженеров ж.-д. транспорта
210 _aМосква
_cБ. и.
_d1969
215 _a25 с.
_cил.
_d22
300 _aПеред загл. авт.: проф. С.С. Давыдов
700 1 _aДавыдов
_bС.С.
_gСергей Сергеевич
801 0 _aRU
_bNLR
_gpsbo
801 1 _aRU
_bELAR
_2rusmarc
852 _aNLR
_j69-6/8263
942 _cBOOK
980 _aNB